| 000 | 00951nam a2200265 a 4500 | ||
|---|---|---|---|
| 001 | 42032 | ||
| 003 | (BD-RJUL) | ||
| 005 | 20211209053502.0 | ||
| 008 | 160608s1975 enk b 001 0 eng d | ||
| 035 | _a(BD-RJUL) 42150 | ||
| 040 |
_aDLC _cDLC _dm.c _dEQO _d(BD-RJUL) _beng |
||
| 041 | 1 | _aengfre | |
| 082 |
_a327.73 _219 _bARI 1975 |
||
| 100 | 1 |
_aAron, Raymond, _d1905-1983. _9129224 |
|
| 245 | 1 | 4 |
_aThe imperial republic : _bthe United States and the world, 1945-1973 / _cRaymond Aron ; translated by Frank Jellinek |
| 260 |
_aLondon : _bWeidenfeld & Nicolson, _c1975 |
||
| 300 |
_axxxviii, 339 p. ; _c23 cm |
||
| 500 | _aTranslation of: République impériale | ||
| 504 | _aIncludes bibliographical references and index | ||
| 651 | 0 |
_aUnited States _xForeign relations _y1945-1989 _9129225 |
|
| 651 | 0 |
_aUnited States _xForeign economic relations _9129226 |
|
| 942 |
_2ddc _cBK |
||
| 999 |
_c42032 _d42032 |
||